[Event "DEM U16 2003"]
[Site "Willingen GER"]
[Date "2003.06.12"]
[Round "7"]
[White "Beckmann, Emanuel"]
[Black "Brüdigam, Martin"]
[Result "0-1"]
[Termination "normal"]
[Board "10"]
[WhiteElo "1842"]
[BlackElo "1926"]
[PlyCount "90"]
[WhiteFideId "24608025"]
[BlackFideId "24608033"]
[EventCountry "GER"]
[EventRounds "9"]
[EventType "swiss"]
[EventDate "2003.06.07"]

1. e4 c5 2. Nf3 Nc6 3. Bb5 g6 4. Bxc6 bxc6 5. O-O Bg7 6. c3 d5 7. Qa4 Bd7 8.
Re1 Nh6 9. d4 cxd4 10. Bxh6 Bxh6 11. Qxd4 O-O 12. exd5 cxd5 13. Qh4 Bg7 14.
Qxe7 Qxe7 15. Rxe7 Bg4 16. Nbd2 Rfb8 17. Nb3 a5 18. Re2 a4 19. Nbd4 Bxf3 20.
Nxf3 a3 21. b3 Bxc3 22. Rd1 d4 23. Ne1 Rd8 24. Kf1 Kg7 25. Rd3 Rac8 26. Nc2 Bb2
27. Red2 Rc3 28. Rxc3 Bxc3 29. Rd1 Kf6 30. Ke2 Bb2 31. f3 Ke5 32. Nb4 Re8 33.
Nd3+ Kd5+ 34. Kf2 Bc3 35. Nf4+ Kc5 36. Nd3+ Kb5 37. Nf4 Rc8 38. Rc1 Rd8 39. Nd3
f6 40. g4 Re8 41. Nf4 Bd2 42. Nd5 Bxc1 43. Nc7+ Kb4 44. Nxe8 Kc3 45. Ke2 Kc2
0-1

[Event "DEM U16 2003"]
[Site "Willingen GER"]
[Date "2003.06.12"]
[Round "7"]
[White "Rohde, Torsten"]
[Black "Victor, Silver Star"]
[Result "1-0"]
[Termination "normal"]
[Board "11"]
[WhiteElo "2182"]
[BlackElo "1628"]
[PlyCount "61"]
[WhiteFideId "4665007"]
[EventCountry "GER"]
[EventRounds "9"]
[EventType "swiss"]
[EventDate "2003.06.07"]

1. e4 e5 2. Nf3 Nf6 3. Nxe5 d6 4. Nf3 Nxe4 5. Nc3 Nxc3 6. dxc3 Nc6 7. Bf4 Bf5
8. Qd2 Qe7+ 9. Be2 O-O-O 10. O-O-O h6 11. Bb5 Bd7 12. Rhe1 Qf6 13. Be3 a6 14.
Ba4 Rg8 15. h4 Re8 16. Re2 Be7 17. Rde1 b5 18. Bb3 Na5 19. Bd4 Nxb3+ 20. cxb3
Qg6 21. Rxe7 Qxg2 22. Rxf7 Be6 23. Rf4 c5 24. Be3 g5 25. hxg5 hxg5 26. Rf6 g4
27. Ng5 g3 28. Rxe6 Rxe6 29. Nxe6 gxf2 30. Bxf2 Re8 31. Qxd6 1-0

[Event "DEM U16 2003"]
[Site "Willingen GER"]
[Date "2003.06.12"]
[Round "7"]
[White "Kürsten, Rüdiger"]
[Black "Zollondz, Mark"]
[Result "1-0"]
[Termination "normal"]
[Board "12"]
[WhiteElo "1850"]
[BlackElo "1819"]
[PlyCount "67"]
[WhiteFideId "24605816"]
[EventCountry "GER"]
[EventRounds "9"]
[EventType "swiss"]
[EventDate "2003.06.07"]

1. Nf3 Nf6 2. g3 g6 3. Bg2 Bg7 4. O-O O-O 5. d4 d5 6. c4 c5 7. cxd5 Nxd5 8.
dxc5 Na6 9. c6 bxc6 10. e4 Ndb4 11. Nc3 Nc5 12. Qxd8 Rxd8 13. Bd2 Ba6 14. Rfd1
Nbd3 15. Rab1 Bxc3 16. Bxc3 Nxe4 17. Bd4 c5 18. Be3 Nxb2 19. Rxd8+ Rxd8 20. Ne1
Nc3 21. Rxb2 Rd1 22. Bd2 Na4 23. Rb8+ Kg7 24. Rd8 Ra1 25. Bc6 Rxa2 26. Bxa4
Rxa4 27. Rd7 Bb5 28. Rxe7 Ra2 29. Be3 c4 30. Rxa7 Re2 31. Bd4+ Kh6 32. Ra1 f5
33. Rc1 g5 34. Be3 1-0

[Event "DEM U16 2003"]
[Site "Willingen GER"]
[Date "2003.06.12"]
[Round "7"]
[White "Kaufmann, Benjamin"]
[Black "Poysti, Nathanael"]
[Result "0-1"]
[Termination "normal"]
[Board "13"]
[WhiteElo "1675"]
[BlackElo "1879"]
[PlyCount "48"]
[WhiteFideId "24613525"]
[EventCountry "GER"]
[EventRounds "9"]
[EventType "swiss"]
[EventDate "2003.06.07"]

1. d4 d5 2. Nf3 Nc6 3. c4 Bg4 4. cxd5 Bxf3 5. gxf3 Qxd5 6. e3 e5 7. Nc3 Bb4 8.
Bd2 Bxc3 9. bxc3 Qd6 10. Bg2 Nf6 11. O-O O-O 12. Qc2 Nh5 13. Rfd1 Kh8 14. Bc1
exd4 15. cxd4 Nb4 16. Qb3 a5 17. Ba3 Ra6 18. Bxb4 axb4 19. Rab1 Rb6 20. Rdc1
Nf6 21. Rc5 Nd7 22. Qd5 Nxc5 23. Qxd6 cxd6 24. dxc5 dxc5 0-1

[Event "DEM U16 2003"]
[Site "Willingen GER"]
[Date "2003.06.12"]
[Round "7"]
[White "Lang, Henry"]
[Black "Hillmann, Michael"]
[Result "1-0"]
[Termination "normal"]
[Board "14"]
[WhiteElo "1676"]
[BlackElo "1763"]
[PlyCount "103"]
[BlackFideId "24609889"]
[EventCountry "GER"]
[EventRounds "9"]
[EventType "swiss"]
[EventDate "2003.06.07"]

1. Nf3 f5 2. d4 Nf6 3. c4 g6 4. g3 Bg7 5. Bg2 d6 6. O-O O-O 7. Nc3 Qe8 8. d5 a5
9. Be3 Na6 10. Rb1 Bd7 11. Qb3 Rb8 12. Ba7 a4 13. Qd1 Ra8 14. Bd4 c5 15. dxc6
Bxc6 16. b4 axb3 17. axb3 e5 18. Bb6 Nd7 19. Nd5 e4 20. Ne1 Qe6 21. Nf4 Qe5 22.
Be3 b5 23. Nc2 bxc4 24. Nd4 Bd5 25. bxc4 Bxc4 26. Qa4 d5 27. Qxd7 Nc5 28. Qc6
Rfc8 29. Qb6 Na4 30. Qe6+ Qxe6 31. Nfxe6 Nc3 32. Rb2 Rcb8 33. Rxb8+ Rxb8 34.
Nxg7 Kxg7 35. Nxf5+ Kg8 36. Nd4 Nxe2+ 37. Nxe2 Bxe2 38. Re1 Bc4 39. Bf1 Bxf1
40. Kxf1 Rd8 41. Rd1 Kf7 42. Ke2 Ke6 43. f3 exf3+ 44. Kxf3 Rf8+ 45. Ke2 Rf5 46.
Rf1 Rh5 47. Rf2 h6 48. Bd4 g5 49. Kf3 g4+ 50. Kxg4 Rg5+ 51. Kh4 Rg8 52. Rf6+
1-0

[Event "DEM U16 2003"]
[Site "Willingen GER"]
[Date "2003.06.13"]
[Round "8"]
[White "Krämer, Martin"]
[Black "Meier, Georg"]
[Result "1/2-1/2"]
[Termination "normal"]
[Board "1"]
[WhiteElo "2173"]
[BlackElo "2253"]
[PlyCount "57"]
[WhiteFideId "4671910"]
[BlackFideId "4675783"]
[EventCountry "GER"]
[EventRounds "9"]
[EventType "swiss"]
[EventDate "2003.06.07"]

1. e4 e6 2. d4 d5 3. Nd2 dxe4 4. Nxe4 Nd7 5. Nf3 Ngf6 6. Nxf6+ Nxf6 7. c3 Be7
8. Bd3 O-O 9. Bf4 b6 10. Qe2 Bb7 11. O-O-O Qc8 12. Kb1 c5 13. h4 Rd8 14. Ne5
Kf8 15. Bc2 cxd4 16. cxd4 Bd6 17. Bg5 Bd5 18. Ng4 Be7 19. Nxf6 Bxf6 20. Bxf6
gxf6 21. Qh5 Bxa2+ 22. Kc1 Bb3 23. Qxh7 Qc4 24. Rh3 Bxc2 25. Qxc2 Rxd4 26. Rxd4
Qxd4 27. h5 Qe5 28. Kb1 Kg7 29. Rg3+ 1/2-1/2

[Event "DEM U16 2003"]
[Site "Willingen GER"]
[Date "2003.06.13"]
[Round "8"]
[White "Eisenbeiser, Amadeus"]
[Black "Degtiarev, Jewgeni"]
[Result "0-1"]
[Termination "normal"]
[Board "2"]
[WhiteElo "2243"]
[BlackElo "2254"]
[PlyCount "108"]
[WhiteFideId "4678338"]
[BlackFideId "4149610"]
[EventCountry "GER"]
[EventRounds "9"]
[EventType "swiss"]
[EventDate "2003.06.07"]

1. e4 c5 2. Nf3 d6 3. d4 cxd4 4. Nxd4 Nf6 5. Nc3 Nc6 6. Be2 g6 7. Nb3 Bg7 8.
O-O O-O 9. Re1 a5 10. Bb5 Be6 11. Bg5 Ng4 12. a4 Qb6 13. Qe2 Nd4 14. Nxd4 Bxd4
15. Nd1 Qc7 16. h3 Ne5 17. c3 Ba7 18. Ne3 Bxe3 19. Qxe3 f6 20. Bh6 Rfc8 21. Qg3
Bc4 22. h4 Bxb5 23. axb5 Qc5 24. Rad1 Qxb5 25. h5 Qe8 26. Rd5 a4 27. Bc1 Nc4
28. f4 e6 29. Rd3 Ra5 30. hxg6 Qxg6 31. Qh3 Qf7 32. f5 exf5 33. exf5 Re5 34.
Rf1 Kh8 35. Rd4 Rg8 36. Qf3 Rge8 37. Qf4 b5 38. Qf3 Re1 39. Rd1 Qa7+ 40. Kh2
Rxf1 41. Rxf1 Rg8 42. Qd3 Qg7 43. Qd5 Qe7 44. Qf3 Ne5 45. Qh3 Ng4+ 46. Kh1 Nf2+
47. Rxf2 Qe1+ 48. Kh2 Qxf2 49. Be3 Rxg2+ 50. Qxg2 Qxe3 51. Qc2 h5 52. Qg2 Qf4+
53. Kh1 Qh4+ 54. Kg1 Qg5 0-1

[Event "DEM U16 2003"]
[Site "Willingen GER"]
[Date "2003.06.13"]
[Round "8"]
[White "Laßan, Christian"]
[Black "Heinz, Axel"]
[Result "0-1"]
[Termination "normal"]
[Board "3"]
[WhiteElo "2089"]
[BlackElo "2269"]
[PlyCount "68"]
[WhiteFideId "4685997"]
[BlackFideId "4667557"]
[EventCountry "GER"]
[EventRounds "9"]
[EventType "swiss"]
[EventDate "2003.06.07"]

1. e4 c5 2. Nf3 e6 3. d4 cxd4 4. Nxd4 a6 5. Nc3 Qc7 6. Bd3 Nf6 7. O-O b5 8. Re1
Bb7 9. Bd2 Bc5 10. Nb3 Be7 11. a4 b4 12. Na2 Nc6 13. Rc1 O-O 14. c3 bxc3 15.
Nxc3 d6 16. Kh1 Rac8 17. Rg1 Qb8 18. Bf4 Qa8 19. Qe2 Rfe8 20. h3 Bf8 21. Kh2
Nd7 22. Bb1 Nde5 23. Rgd1 Qa7 24. Be3 Qb8 25. Nd4 Nxd4 26. Bxd4 d5 27. Kg1 dxe4
28. Bxe4 Ng6 29. Bxb7 Qxb7 30. Ne4 Rxc1 31. Rxc1 f5 32. Nd2 Nf4 33. Qf3 Qxf3
34. Nxf3 Ne2+ 0-1

[Event "DEM U16 2003"]
[Site "Willingen GER"]
[Date "2003.06.13"]
[Round "8"]
[White "Becker, Martin Alexander"]
[Black "Lutz, Dieter"]
[Result "1-0"]
[Termination "normal"]
[Board "4"]
[WhiteElo "2199"]
[BlackElo "2139"]
[PlyCount "65"]
[WhiteFideId "4680820"]
[BlackFideId "4667565"]
[EventCountry "GER"]
[EventRounds "9"]
[EventType "swiss"]
[EventDate "2003.06.07"]

1. e4 c5 2. Nf3 e6 3. d4 cxd4 4. Nxd4 a6 5. Nc3 Qc7 6. Bd3 b5 7. O-O Nf6 8. Qe2
Bb7 9. Bd2 Nc6 10. Nb3 Be7 11. f4 d6 12. Rae1 h5 13. a4 b4 14. Nd1 h4 15. Nf2
Nd7 16. c3 bxc3 17. Bxc3 Bf6 18. Rc1 h3 19. g3 Bxc3 20. Rxc3 Qb6 21. Nd2 Nd4
22. Qe3 d5 23. Nb3 dxe4 24. Bxe4 Bxe4 25. Qxe4 Nf6 26. Qxd4 Qb7 27. Nxh3 Rxh3
28. Na5 Qd5 29. Qxd5 Nxd5 30. Rc6 Kd7 31. Rd1 Ke7 32. Rd2 Kf6 33. Rxd5 1-0

[Event "DEM U16 2003"]
[Site "Willingen GER"]
[Date "2003.06.13"]
[Round "8"]
[White "Armbrust, Florian"]
[Black "Wolter, Jens"]
[Result "1-0"]
[Termination "normal"]
[Board "5"]
[WhiteElo "2234"]
[BlackElo "1790"]
[PlyCount "93"]
[WhiteFideId "4691350"]
[BlackFideId "4698185"]
[EventCountry "GER"]
[EventRounds "9"]
[EventType "swiss"]
[EventDate "2003.06.07"]

1. e4 c5 2. Nc3 Nc6 3. g3 g6 4. Bg2 Bg7 5. d3 e6 6. f4 Nge7 7. Nf3 d5 8. e5 b6
9. O-O h5 10. h3 Nf5 11. Kh2 Bb7 12. a4 Bf8 13. Ne2 Rc8 14. c3 Be7 15. Rb1 Kf8
16. Kg1 Kg7 17. g4 hxg4 18. hxg4 Nh4 19. Nxh4 Rxh4 20. Ng3 Rh8 21. Qe2 Kf8 22.
f5 gxf5 23. gxf5 Ke8 24. fxe6 fxe6 25. Qg4 Kd7 26. Bf4 Qg8 27. Qxg8 Rcxg8 28.
Rbd1 Rh4 29. Nh1 Rhg4 30. Rd2 d4 31. Kh2 Na5 32. Bg3 Bxg2 33. Rxg2 Bh4 34. Rf7+
Kc6 35. b4 cxb4 36. cxb4 Bxg3+ 37. Rxg3 Rxg3 38. Nxg3 Nb3 39. Ne4 Ra8 40. Nf6
Nd2 41. Re7 a5 42. Rxe6+ Kb7 43. b5 Rd8 44. Re7+ Kc8 45. e6 Nf1+ 46. Kg1 Ne3
47. Rf7 1-0

[Event "DEM U16 2003"]
[Site "Willingen GER"]
[Date "2003.06.13"]
[Round "8"]
[White "Mijatovic, Vladimir"]
[Black "Grimberg, Boris"]
[Result "1-0"]
[Termination "normal"]
[Board "6"]
[WhiteElo "2082"]
[BlackElo "2136"]
[PlyCount "51"]
[WhiteFideId "934062"]
[BlackFideId "4697499"]
[EventCountry "GER"]
[EventRounds "9"]
[EventType "swiss"]
[EventDate "2003.06.07"]

1. e4 c5 2. Nf3 d6 3. d4 cxd4 4. Nxd4 Nf6 5. Nc3 a6 6. Be3 e6 7. f3 b5 8. Qd2
Bb7 9. g4 h6 10. O-O-O Nbd7 11. h4 b4 12. Nce2 d5 13. Bh3 dxe4 14. g5 exf3 15.
Nf4 Ne4 16. Qh2 Qa5 17. g6 Qxa2 18. gxf7+ Kd8 19. Nb3 Bd6 20. Rxd6 Nxd6 21.
Nxe6+ Ke7 22. Rd1 Nb5 23. Rxd7+ Kxd7 24. Nec5+ Kc6 25. Bd7+ Kd5 26. Qf4 1-0

[Event "DEM U16 2003"]
[Site "Willingen GER"]
[Date "2003.06.13"]
[Round "8"]
[White "Shmirina, Evgenija"]
[Black "Feuerstack, Aljoscha"]
[Result "0-1"]
[Termination "normal"]
[Board "7"]
[WhiteElo "2146"]
[BlackElo "2118"]
[PlyCount "74"]
[WhiteFideId "4693809"]
[BlackFideId "4681932"]
[EventCountry "GER"]
[EventRounds "9"]
[EventType "swiss"]
[EventDate "2003.06.07"]

1. e4 c6 2. d4 d5 3. exd5 cxd5 4. Bd3 Nc6 5. c3 Nf6 6. Bf4 g6 7. Nf3 Bg7 8. O-O
O-O 9. Nbd2 Nh5 10. Bg3 Nxg3 11. hxg3 f6 12. Bc2 Kh8 13. Nh4 e5 14. Bxg6 hxg6
15. Nxg6+ Kg8 16. Nxf8 Qxf8 17. dxe5 fxe5 18. Qb3 Qf7 19. Nf3 Bf6 20. Rad1 Be6
21. Qc2 Kg7 22. Nh4 Qh5 23. f4 e4 24. f5 Bf7 25. Rf4 Ne5 26. Ng6 Bxg6 27. fxg6
Bg5 28. Qb3 Bxf4 29. gxf4 Ng4 30. Qxb7+ Kxg6 31. Qc6+ Nf6 32. f5+ Kg5 33. Rf1
Rh8 34. Qc7 Qh2+ 35. Kf2 Qh4+ 36. Kg1 Rh7 37. Qd6 e3 0-1

[Event "DEM U16 2003"]
[Site "Willingen GER"]
[Date "2003.06.13"]
[Round "8"]
[White "Brüdigam, Martin"]
[Black "Frübing, Stefan"]
[Result "1-0"]
[Termination "normal"]
[Board "8"]
[WhiteElo "1926"]
[BlackElo "2063"]
[PlyCount "55"]
[WhiteFideId "24608033"]
[BlackFideId "4682165"]
[EventCountry "GER"]
[EventRounds "9"]
[EventType "swiss"]
[EventDate "2003.06.07"]

1. d4 Nf6 2. c4 g6 3. Nc3 Bg7 4. e4 d6 5. Be2 O-O 6. Bg5 h6 7. Be3 e5 8. d5 a5
9. h3 Na6 10. Nf3 b6 11. Nd2 Nd7 12. g4 f5 13. gxf5 gxf5 14. exf5 Ndc5 15. Nde4
Nxe4 16. Nxe4 Bxf5 17. Ng3 Bg6 18. Bd3 e4 19. Bxe4 Bxe4 20. Nxe4 Qe7 21. Qg4
Rae8 22. Rg1 Nb4 23. Kd2 h5 24. Qxh5 Rxf2+ 25. Bxf2 Qxe4 26. Rxg7+ Kxg7 27.
Rg1+ Kf8 28. Qh6+ 1-0

[Event "DEM U16 2003"]
[Site "Willingen GER"]
[Date "2003.06.13"]
[Round "8"]
[White "Ratkovitch, Dimitri"]
[Black "Rohde, Torsten"]
[Result "1/2-1/2"]
[Termination "normal"]
[Board "9"]
[WhiteElo "1818"]
[BlackElo "2182"]
[PlyCount "72"]
[WhiteFideId "24608050"]
[BlackFideId "4665007"]
[EventCountry "GER"]
[EventRounds "9"]
[EventType "swiss"]
[EventDate "2003.06.07"]

1. e4 c5 2. c3 d5 3. exd5 Qxd5 4. d4 Nf6 5. Nf3 Bg4 6. Nbd2 cxd4 7. Bc4 Qf5 8.
Qb3 Bxf3 9. Bxf7+ Kd8 10. Nxf3 Qe4+ 11. Be3 dxe3 12. O-O-O+ Nbd7 13. Rd4 Qc6
14. Ne5 Qb6 15. Qxb6+ axb6 16. Nxd7 Kc7 17. Ne5 e6 18. Nd3 Bc5 19. Rc4 Rxa2 20.
Kc2 Kd6 21. Nc1 Ra1 22. b4 Ke7 23. bxc5 bxc5 24. Bxe6 Kxe6 25. Re1 Kd5 26.
Rxc5+ Kxc5 27. Nd3+ Kc6 28. Rxa1 exf2 29. Nxf2 Re8 30. Kd2 Rd8+ 31. Kc2 Nd5 32.
Re1 Ra8 33. Kb3 Rf8 34. Nd3 Rf6 35. Kc4 Nb6+ 36. Kb3 Nd5 1/2-1/2

[Event "DEM U16 2003"]
[Site "Willingen GER"]
[Date "2003.06.13"]
[Round "8"]
[White "Nüsken, Nikolas"]
[Black "Kürsten, Rüdiger"]
[Result "1-0"]
[Termination "normal"]
[Board "10"]
[WhiteElo "2094"]
[BlackElo "1850"]
[PlyCount "83"]
[WhiteFideId "24605891"]
[BlackFideId "24605816"]
[EventCountry "GER"]
[EventRounds "9"]
[EventType "swiss"]
[EventDate "2003.06.07"]

1. e4 g6 2. d4 Bg7 3. Nc3 d6 4. Be3 c6 5. Qd2 b5 6. Bd3 Nd7 7. Nf3 a6 8. a4 Bb7
9. O-O b4 10. Ne2 c5 11. h3 Ngf6 12. e5 Ne4 13. Bxe4 Bxe4 14. Ng5 cxd4 15. e6
O-O 16. Nxd4 Nc5 17. exf7+ Rxf7 18. Nxf7 Kxf7 19. f3 Bb7 20. Qxb4 a5 21. Qc4+
e6 22. Rae1 Bd5 23. Qe2 Qh4 24. Nb5 Bf8 25. b3 Qe7 26. Bf4 e5 27. Qd2 Bb7 28.
Bg5 Qd7 29. f4 e4 30. Qd4 Ra6 31. Qh8 Ke8 32. Bh6 Ne6 33. f5 gxf5 34. Rxf5 Qe7
35. Bxf8 Nxf8 36. Nc7+ Kd7 37. Nxa6 Ng6 38. Qg8 Qh4 39. Nb8+ Kc7 40. Rf7+ Ne7
41. Ref1 Kb6 42. Qd8+ 1-0

[Event "DEM U16 2003"]
[Site "Willingen GER"]
[Date "2003.06.13"]
[Round "8"]
[White "Germer, Philipp"]
[Black "Lang, Henry"]
[Result "1-0"]
[Termination "normal"]
[Board "11"]
[WhiteElo "2149"]
[BlackElo "1676"]
[PlyCount "93"]
[WhiteFideId "4693523"]
[EventCountry "GER"]
[EventRounds "9"]
[EventType "swiss"]
[EventDate "2003.06.07"]

1. e4 e6 2. d3 d6 3. Nf3 Nf6 4. g3 Be7 5. Bg2 O-O 6. O-O e5 7. h3 Nc6 8. c3 d5
9. Qc2 Be6 10. Ng5 Qc8 11. Nxe6 fxe6 12. Nd2 Nd8 13. Nf3 Nf7 14. Re1 Bd6 15.
Ng5 c6 16. Be3 Qd7 17. Rad1 Rae8 18. Bc1 Nxg5 19. Bxg5 Qf7 20. b4 d4 21. Re2
Nd7 22. Rb1 a6 23. Bc1 Rc8 24. h4 b5 25. Bh3 c5 26. cxd4 exd4 27. bxc5 Nxc5 28.
e5 Bb8 29. Ba3 Ba7 30. Qd2 Rfe8 31. Rc1 h6 32. Qa5 Nxd3 33. Rxc8 Rxc8 34. Qxa6
Re8 35. Qxb5 Qg6 36. Kh2 Kh8 37. Rd2 Ne1 38. Qe2 Nc2 39. Bd6 Bb8 40. Bc5 Rc8
41. Bxd4 Nxd4 42. Rxd4 Rc2 43. Qe3 Bc7 44. Ra4 Rc6 45. Bg2 Rb6 46. Qc5 Qf7 47.
Ra7 1-0

[Event "DEM U16 2003"]
[Site "Willingen GER"]
[Date "2003.06.13"]
[Round "8"]
[White "Poysti, Nathanael"]
[Black "Victor, Silver Star"]
[Result "1/2-1/2"]
[Termination "normal"]
[Board "12"]
[WhiteElo "1879"]
[BlackElo "1628"]
[PlyCount "80"]
[EventCountry "GER"]
[EventRounds "9"]
[EventType "swiss"]
[EventDate "2003.06.07"]

1. d4 d5 2. Nf3 c6 3. e3 Nf6 4. Bd3 Bg4 5. b3 e6 6. Bb2 Be7 7. Nbd2 Nbd7 8. O-O
O-O 9. c4 Rc8 10. Rc1 a6 11. Re1 Bb4 12. a3 Bxf3 13. gxf3 Bd6 14. c5 Be7 15. f4
Kh8 16. Kh1 Ng8 17. Rg1 Nh6 18. Nf3 f5 19. Rg2 Rg8 20. Qg1 Bf6 21. Ng5 Nf8 22.
Bc3 Qe8 23. Be2 Nf7 24. h4 Bxg5 25. fxg5 g6 26. Qh2 h5 27. Ba5 Qe7 28. Bd3 e5
29. dxe5 Nd7 30. f4 Nd8 31. Bxd8 Rcxd8 32. b4 a5 33. Ra2 Ra8 34. Qb2 Kh7 35.
Qc3 axb4 36. Qb3 Nxc5 37. Qxb4 b6 38. Bb1 Qa7 39. Rc3 Rgc8 40. a4 Qa5 1/2-1/2

[Event "DEM U16 2003"]
[Site "Willingen GER"]
[Date "2003.06.13"]
[Round "8"]
[White "Kaufmann, Benjamin"]
[Black "Beckmann, Emanuel"]
[Result "0-1"]
[Termination "normal"]
[Board "13"]
[WhiteElo "1675"]
[BlackElo "1842"]
[PlyCount "48"]
[WhiteFideId "24613525"]
[BlackFideId "24608025"]
[EventCountry "GER"]
[EventRounds "9"]
[EventType "swiss"]
[EventDate "2003.06.07"]

1. d4 Nf6 2. Nf3 g6 3. Bf4 Bg7 4. e3 O-O 5. Be2 d6 6. h3 c5 7. c3 cxd4 8. exd4
Nc6 9. O-O Qb6 10. Qb3 Qc7 11. Nbd2 e5 12. dxe5 dxe5 13. Bh2 Be6 14. Qc2 Nd7
15. a3 a5 16. Rad1 Nc5 17. Bc4 Bf5 18. Qc1 Bh6 19. Nh4 Ne4 20. Nxf5 gxf5 21. f4
Qb6+ 22. Kh1 Nf2+ 23. Rxf2 Qxf2 24. Nf3 e4 0-1

[Event "DEM U16 2003"]
[Site "Willingen GER"]
[Date "2003.06.13"]
[Round "8"]
[White "Zollondz, Mark"]
[Black "Hillmann, Michael"]
[Result "0-1"]
[Termination "normal"]
[Board "14"]
[WhiteElo "1819"]
[BlackElo "1763"]
[PlyCount "56"]
[BlackFideId "24609889"]
[EventCountry "GER"]
[EventRounds "9"]
[EventType "swiss"]
[EventDate "2003.06.07"]

1. d4 f5 2. Bg5 g6 3. Nc3 Bg7 4. f3 Nc6 5. e3 Nf6 6. Bc4 e6 7. e4 d6 8. Bb5 O-O
9. Qd2 Ne7 10. O-O-O c6 11. Be2 b5 12. d5 b4 13. Nb1 cxd5 14. exd5 Nexd5 15.
Bc4 Bb7 16. Ne2 Rc8 17. Bb3 a5 18. Nf4 Nxf4 19. Qxf4 d5 20. Rhe1 Qd7 21. c3 Qc6
22. Bc2 Nd7 23. Qd2 Nb6 24. h4 Rfe8 25. Bd3 Na4 26. Qc2 bxc3 27. b3 Nb2 28. Na3
Qc5 0-1

[Event "DEM U16 2003"]
[Site "Willingen GER"]
[Date "2003.06.14"]
[Round "9"]
[White "Meier, Georg"]
[Black "Mijatovic, Vladimir"]
[Result "1/2-1/2"]
[Termination "normal"]
[Board "1"]
[WhiteElo "2253"]
[BlackElo "2082"]
[PlyCount "77"]
[WhiteFideId "4675783"]
[BlackFideId "934062"]
[EventCountry "GER"]
[EventRounds "9"]
[EventType "swiss"]
[EventDate "2003.06.07"]

1. Nf3 f5 2. g3 Nf6 3. Bg2 g6 4. c4 Bg7 5. Nc3 O-O 6. O-O d6 7. d4 Qe8 8. Re1
Na6 9. b3 c5 10. Bb2 h6 11. e4 fxe4 12. Nxe4 Nxe4 13. Rxe4 Bf5 14. Re2 Bg4 15.
Re3 cxd4 16. Bxd4 e5 17. h3 Be6 18. Bc3 Qd7 19. Nd2 Nc5 20. Ne4 Nxe4 21. Bxe4
Rf6 22. Bd5 Raf8 23. Be1 Kh7 24. Bxe6 Qxe6 25. Qg4 Qf7 26. Qe2 Qd7 27. Kg2 a6
28. a4 d5 29. Rd1 d4 30. Rxe5 Qc6+ 31. Re4 Re6 32. f3 Rxf3 33. Qxf3 Rxe4 34.
Bf2 Qe6 35. Rd3 Qe7 36. Qd1 Re2 37. Rf3 Qe4 38. Qd3 Qe6 39. g4 1/2-1/2

[Event "DEM U16 2003"]
[Site "Willingen GER"]
[Date "2003.06.14"]
[Round "9"]
[White "Degtiarev, Jewgeni"]
[Black "Krämer, Martin"]
[Result "1-0"]
[Termination "normal"]
[Board "2"]
[WhiteElo "2254"]
[BlackElo "2173"]
[PlyCount "197"]
[WhiteFideId "4149610"]
[BlackFideId "4671910"]
[EventCountry "GER"]
[EventRounds "9"]
[EventType "swiss"]
[EventDate "2003.06.07"]

1. d4 Nf6 2. c4 g6 3. Nc3 Bg7 4. e4 d6 5. f3 O-O 6. Nge2 Nbd7 7. Be3 a6 8. Qd2
c5 9. dxc5 dxc5 10. Rd1 Qc7 11. Nc1 e6 12. Be2 b6 13. O-O Bb7 14. Bf4 e5 15.
Bg5 Rfe8 16. Qd6 Qxd6 17. Rxd6 Bf8 18. Rd2 h6 19. Bh4 Be7 20. Rfd1 Bc6 21. Bf2
Rab8 22. Nb3 Nf8 23. Bg3 N6d7 24. f4 exf4 25. Bxf4 Bg5 26. Bxb8 Bxd2 27. Rxd2
Nxb8 28. Rd6 Nfd7 29. Nd2 Re6 30. Rxe6 fxe6 31. Nf3 Kf7 32. Kf2 Kf6 33. Ke3 Ne5
34. Ne1 Nbd7 35. Nc2 Nf7 36. Nb1 Nd6 37. Nd2 Ne5 38. b3 Nef7 39. Ne1 Ng5 40.
Bd3 Ngf7 41. Nef3 Nc8 42. g4 Ne7 43. h4 g5 44. h5 Bb7 45. Be2 Nc6 46. a3 Nb8
47. Nb1 Nd7 48. Nc3 Ke7 49. Nd1 Kd6 50. Nf2 Nf6 51. Bd1 Ba8 52. Bc2 Bc6 53. a4
Kc7 54. Bd3 Nd7 55. Be2 Nd6 56. Bd3 Kd8 57. Be2 Ke7 58. Bd3 Kf6 59. Be2 Nf7 60.
Bf1 Ke7 61. Bd3 Kd8 62. Be2 Kc8 63. Bd3 Kb7 64. Be2 Nb8 65. Nd3 Nd7 66. Nf2 Kc7
67. Bd3 Nfe5 68. Nxe5 Nxe5 69. Be2 Kd6 70. Bf1 Bd7 71. Be2 Nc6 72. Nd3 Bc8 73.
Ne1 Nd4 74. Bd1 Bd7 75. Nd3 Bc6 76. e5+ Kc7 77. b4 Bd7 78. bxc5 Nc6 79. Ke4 Na5
80. cxb6+ Kxb6 81. c5+ Kc7 82. Nb4 Bc6+ 83. Kd4 Bb7 84. Kc3 Kb8 85. Be2 Ka7 86.
Nc2 Bd5 87. Ne3 Nc6 88. Nxd5 exd5 89. e6 Kb7 90. Bf3 Ne7 91. Kd4 Kc6 92. Bg2 a5
93. Bf3 Nc8 94. Bxd5+ Kc7 95. Be4 Ne7 96. Ke5 Kd8 97. Kf6 Ke8 98. Bb7 Ng8+ 99.
Kg7 1-0

[Event "DEM U16 2003"]
[Site "Willingen GER"]
[Date "2003.06.14"]
[Round "9"]
[White "Feuerstack, Aljoscha"]
[Black "Heinz, Axel"]
[Result "1-0"]
[Termination "normal"]
[Board "3"]
[WhiteElo "2118"]
[BlackElo "2269"]
[PlyCount "81"]
[WhiteFideId "4681932"]
[BlackFideId "4667557"]
[EventCountry "GER"]
[EventRounds "9"]
[EventType "swiss"]
[EventDate "2003.06.07"]

1. e4 c5 2. Nf3 e6 3. c3 Nf6 4. e5 Nd5 5. d4 cxd4 6. cxd4 b6 7. Nc3 Nxc3 8.
bxc3 Qc7 9. Bd2 Be7 10. Bd3 Ba6 11. c4 Bxc4 12. Qc2 b5 13. O-O Qc6 14. a4 Bxd3
15. Qxd3 O-O 16. Rfc1 Qd5 17. axb5 Qb7 18. Bg5 d5 19. Bxe7 Qxe7 20. b6 h6 21.
Qa3 Qb7 22. bxa7 Nc6 23. Qa6 Qxa6 24. Rxa6 Nxa7 25. Rca1 Rfb8 26. Ne1 Rb7 27.
f4 g6 28. Nd3 Rc7 29. Nc5 Kf8 30. R1a4 Kg8 31. Kf2 Kf8 32. g4 Kg7 33. Kg3 Kh7
34. Kf3 Kg7 35. f5 gxf5 36. gxf5 exf5 37. Kf4 Re7 38. Kxf5 Rc7 39. Ra2 Re7 40.
Nd3 Rb7 41. Nf4 1-0

[Event "DEM U16 2003"]
[Site "Willingen GER"]
[Date "2003.06.14"]
[Round "9"]
[White "Armbrust, Florian"]
[Black "Becker, Martin Alexander"]
[Result "0-1"]
[Termination "normal"]
[Board "4"]
[WhiteElo "2234"]
[BlackElo "2199"]
[PlyCount "116"]
[WhiteFideId "4691350"]
[BlackFideId "4680820"]
[EventCountry "GER"]
[EventRounds "9"]
[EventType "swiss"]
[EventDate "2003.06.07"]

1. e4 c5 2. Nc3 Nc6 3. g3 g6 4. Bg2 Bg7 5. d3 d6 6. f4 e6 7. Nf3 Nge7 8. O-O
O-O 9. Be3 b6 10. d4 d5 11. exd5 Nf5 12. Bf2 Ncxd4 13. Ne5 exd5 14. Nxd5 Be6
15. Nc3 Rc8 16. Ne4 f6 17. Nf3 Nxf3+ 18. Qxf3 Nd4 19. Qd1 f5 20. Nd2 Bd5 21. c3
Bxg2 22. Kxg2 Qd5+ 23. Nf3 Qxf3+ 24. Qxf3 Nxf3 25. Kxf3 Rcd8 26. Rad1 Kf7 27.
h3 Bf6 28. Rfe1 Rfe8 29. Rxe8 Kxe8 30. Rxd8+ Kxd8 31. Be1 c4 32. b3 b5 33. b4
Kd7 34. Bd2 Kd6 35. Be1 Kd5 36. Bd2 Be7 37. Be3 Bf6 38. Bd2 h6 39. Be1 g5 40.
h4 g4+ 41. Ke2 h5 42. Ke3 Be7 43. Bf2 Bf6 44. Be1 Bh8 45. Bd2 Bg7 46. Ke2 Ke4
47. Be1 Bf6 48. Bd2 Bd8 49. Be3 a5 50. a3 a4 51. Bd4 Be7 52. Be3 Bf6 53. Bd2
Bh8 54. Be1 Bg7 55. Bd2 Bf6 56. Be1 Bxh4 57. gxh4 Kxf4 58. Kf2 Ke4 0-1